The geology and bottom deposits of Lake Tystrup Sø, Zealand. (Record no. 28614)
[ view plain ]
| 000 -LEADER | |
|---|---|
| fixed length control field | 00943cam a22002771 4500 |
| 001 - CONTROL NUMBER | |
| control field | gs 52000052 |
| 003 - CONTROL NUMBER IDENTIFIER | |
| control field | DLC |
| 005 - DATE AND TIME OF LATEST TRANSACTION | |
| control field | 20260227111358.0 |
| 008 - FIXED-LENGTH DATA ELEMENTS--GENERAL INFORMATION | |
| fixed length control field | 890927s1950 dk ab b 000 0 eng c |
| 010 ## - LIBRARY OF CONGRESS CONTROL NUMBER | |
| LC control number | gs 52000052 |
| 035 ## - SYSTEM CONTROL NUMBER | |
| System control number | (OCoLC)20404780 |
| 040 ## - CATALOGING SOURCE | |
| Original cataloging agency | U.S. Geol. Survey. Libr. |
| Transcribing agency | CU |
| Modifying agency | CU |
| -- | DLC |
| 042 ## - AUTHENTICATION CODE | |
| Authentication code | premarc |
| 050 00 - LIBRARY OF CONGRESS CALL NUMBER | |
| Classification number | QE278 |
| Item number | .A14 2. raekke, nr. 76 |
| 051 ## - LIBRARY OF CONGRESS COPY, ISSUE, OFFPRINT STATEMENT | |
| Classification number | QE278 |
| Item number | .H3 |
| Copy information | Copy 2. |
| 082 ## - DEWEY DECIMAL CLASSIFICATION NUMBER | |
| Classification number | 554.89 |
| 100 1# - MAIN ENTRY--PERSONAL NAME | |
| Personal name | Hansen, Kaj |
| Titles and words associated with a name | (Geologist) |
| 245 04 - TITLE STATEMENT | |
| Title | The geology and bottom deposits of Lake Tystrup Sø, Zealand. |
| 260 ## - PUBLICATION, DISTRIBUTION, ETC. | |
| Place of publication, distribution, etc. | København, |
| Name of publisher, distributor, etc. | I kommission hos C.A. Reitzel, |
| Date of publication, distribution, etc. | 1950. |
| 300 ## - PHYSICAL DESCRIPTION | |
| Extent | 562 p. |
| Other physical details | illus., maps (1 fold. in pocket) |
| Dimensions | 26 cm. |
| 490 1# - SERIES STATEMENT | |
| Series statement | Danmarks geologiske undersøgelse, 2. række, |
| Volume/sequential designation | nr. 76 |
| 504 ## - BIBLIOGRAPHY, ETC. NOTE | |
| Bibliography, etc. note | Bibliography: p. 51-52. |
| 650 #0 - SUBJECT ADDED ENTRY--TOPICAL TERM | |
| Topical term or geographic name entry element | Geology |
| Geographic subdivision | Denmark |
| -- | Sjaelland. |
| 651 #0 - SUBJECT ADDED ENTRY--GEOGRAPHIC NAME | |
| Geographic name | Tystrup Sø. |
| 810 2# - SERIES ADDED ENTRY--CORPORATE NAME | |
| Corporate name or jurisdiction name as entry element | Danmarks geologiske undersøgelse. |
| Title of a work | [Skrifter]. |
| Name of part/section of a work | 2. række ; |
| Volume/sequential designation | nr. 76. |
No items available.